Datum a čas kvízu
41.5
Celkem bodů
Celkový počet nahraných bodů na tomto kvízu bez doplňovacích otázek.
2.
Pořadí na kvízu
Konečné umístění týmu na tomto kvízu.
Zaznamenané odpovědi
| # | Otázka | Odpověď | Body | Výsledky |
|---|---|---|---|---|
| 1. | Jiří Langmajer, Zdislava Pokor... | Hejt není názor | 1 | |
| 2. | Parlamentní volby v Maďarsku s... | TISZA | 1 | |
| 3. | Legendární americký folkový zp... | Paul Simon | 1 | |
| 4. | Americký deník The New York Ti... | bitcoin | 1 | |
| 5. | Cyklistický závod Kolem Flande... | A | 0 | |
| 6. | Vaším prvním úkolem v dnešním... | 1D 2C 3A 4B | 1 | |
| 7. | Poznejte (parodii na) gangster... | Někdo to rád horké (Some Like It Hot) | 1 | |
| 8. | Bud Spencer a Terence Hill spo... | v Itálii | 1 | |
| 9. | Gangster, na kterého se ptáme,... | Jabba Hutt | 1 | |
| 10. | Uveďte jméno i příjmení postav... | John Wick | 1 |